| 000 | 01440nam a22001577a 4500 | ||
|---|---|---|---|
| 999 |
_c525828 _d525828 |
||
| 008 | 240418b ||||| |||| 00| 0 eng d | ||
| 100 |
_aHimanshu, N. _951754 |
||
| 245 | _aForced to vanish | ||
| 260 | _aDown to Earth | ||
| 300 | _aFeb 16-29, 2024: p.16-18 | ||
| 520 | _aThe world has its first clear evidence on migratory species facing heightened levels of extinction risk due to human-led pressures Migratory species are increasingly threatened by extinction due to human-led pressures, marking the first clear evidence of this global issue. Factors such as habitat loss, overexploitation, pollution, and climate change disrupt their migration patterns and reduce their chances of survival. These species play vital roles in ecosystems, contributing to biodiversity and ecological balance. Human activities, like urban expansion and industrialization, often destroy key habitats and migratory pathways. Overfishing and hunting further endanger these species. Conservation efforts must prioritize protecting these critical species and their habitats to address this growing crisis. Collaborative global action is essential to ensure their survival and preserve biodiversity. – Reproduced | ||
| 650 |
_aMigratory species - Extinction risk - Human-led pressures - Habitat loss - Overexploitation - Climate change - Pollution - Conservation efforts _951755 |
||
| 773 | _aDown to Earth | ||
| 906 | _aENVIRONMENT | ||
| 942 | _cAR | ||